Länder mit kleinstem Maximalabstand zum Ozean - Statistiken

Allgemein
  • Dieses Quiz wurde 256 mal gespielt
  • Das Durchschnittsergebnis liegt bei 13 aus 22
Antwortstatistiken
Max km zur Küste Land % Korrekt
1 Monaco
80%
22 San Marino
77%
22 Vatikanstadt
76%
105 El Salvador
67%
60 Panama
67%
96 Belize
66%
100 Costa Rica
64%
123 Israel
62%
39 Katar
62%
115 Kuwait
57%
72 Libanon
57%
125 Albanien
56%
100 Dschibuti
56%
134 Andorra
55%
115 Südkorea
53%
185 Niederlande
52%
186 Estland
50%
194 Äquatorial Guinea
49%
197 Vereinigte Arabische Emirate
49%
136 Griechenland
47%
136 Montenegro
45%
200 Eswatini
27%
Keine übereinstimmenden Quizze gefunden
Verteilung der Resultate
Anzahl Personen mit jedem Resultat
Perzentil nach korrekt beantworteten Fragen
Ihre Resultats-Entwicklung
Sie haben dieses Quiz noch nicht gespielt